| 000 | 01821nam a2200337 a 4500 | ||
|---|---|---|---|
| 999 |
_c473869 _d473869 |
||
| 003 | BLK | ||
| 005 | 20240111143541.0 | ||
| 008 | 220921b bu |||||r|||| 00| | bu d | ||
| 020 | _a9786190110644 | ||
| 040 | _aBLK | ||
| 041 |
_aBUL _cBUL |
||
| 080 |
_aВоенна политика. Политика за отбрана на страната _b355.02 _z355.02 |
||
| 080 |
_aОбща организация на въоръженните сили. Войска и флота - Подразделение в различните родове войски (армии, дивизии, полкове, ескадри и др. )Чинове и длъжности на военнослужещите и др. _b355.3 _z355.3 |
||
| 100 |
_91299 _aТутунаров, Христо Ермилов _eпърви автор |
||
| 139 |
_aТутунаров, Христо Ермилов _bТ 93 |
||
| 245 |
_aЧастните армии _bЕволюцията на войната : монография _cХристо Тутунаров |
||
| 246 | _aPrivate armies | ||
| 260 |
_9210881 _aСофия _bИзток-Запад _c2022 _n978-619-01- ; 978-619-152- ; 978-954-321- ; 954-8945- |
||
| 300 |
_a264 с. _bс цв. портр. _c24 см |
||
| 380 | _a3 | ||
| 500 | _aЗагл. на англ. ез.: Private armies / Hristo Tutunarov.- Рец.: Пламен Богданов, Милен Иванов.- Библиогр.: с. 245-258 | ||
| 650 | 7 |
_9151195 _aВойна |
|
| 650 | 0 |
_9480948 _aСпециални части (военно дело) |
|
| 653 | 7 |
_9197115 _aспециални военни части |
|
| 653 | 7 |
_9183582 _aвойна |
|
| 852 |
_aЦб 314457 _bЦб |
||
| 942 |
_cKNG _n0 _s1 _04 |
||
| 944 |
_aCR _c2022-09-21 _k30538 _lСилвия Димитрова |
||
| 999 | _d473869 | ||
| 999 | _d473869 | ||